LEADER 00521naa a2200133 i 4500 001 000000325187 003 CaOOAMICUS 005 20180831173457.0 008 180831n xx u000 u und u 013 $a36110 040 $aSeMil$bita 100 1 $aPasini, Giuseppe .$0(OLS)http://semarc/name/43594 245 13$aLa scelta preferenziale degli ultimi nella costruzione di una società solidale. 996 $6245$aLa scelta preferenziale degli ultimi nella costruzione di una società solidale$9(OLS)http://semarc/title/371979 LEADER 00499nab a2200145 i 4500 001 000000309495 003 CaOOAMICUS 005 20180831172955.0 008 180831n xx uu u0 0und r 013 $a18588 040 $aSeMil$bita 100 1 $aAlbertario, Davide,$c.$0(OLS)http://semarc/name/14608 245 13$aIl Papato, l?Impero e la Lega Lombarda. 773 0 $t[Gennaio-Giugno].$g488-501$w()267991 996 $6245$aIl Papato, l?Impero e la Lega Lombarda$9(OLS)http://semarc/title/384534